000 00546nam a2200169 i 4500
001 141085
003 ES-MaACL
007 t|
008 070919s1965 mx ||||1| spa d
100 1 _aWilson, Charles Morrow.
_9117016
245 1 3 _aEl crédito con sentido común /
_cCharles Morrow Wilson ; [versión al español por Jaime Martínez Baca].
260 _aMéxico :
_bRoble,
_c1965.
300 _a239 p. ;
_c19 cm.
700 1 _aMartínez Baca, Jaime.
_977877
852 _aES-MaACL
_jE-2519
_bR.58303
852 _aES-MaACL
_jE-9294
_bR.93711
999 _c141085
_d141085